000 00721nam a22002177a 4500
005 20170124110120.0
010 _aA-728124
020 _c00.00
_a8120714903
035 _aA-728124
037 _bCen Lib/Ret
040 _aDPL
_bEN
082 _a954.54
_bCHA
100 _aChatterjee, Rupa
_9106107
245 _aOrissa's golden quadrangle :
_cby Rupa Chatterjee
_ball you must know about bhubaneswar cuttack konark and puri /
260 _aNew Delhi
_b Sterling Publishers
_c1995
270 _aL-10, Green Park Extension
_bNew Delhi
_e110016
300 _ax,141p. :
_c20cm(Hb)
_bill.
650 _a India History
_zIndia
_930523
650 _aIndian Culture
_93853
942 _2ddc
_cEN
_h954.54
_mCHA
999 _c130977
_d130977